000 00902nmc a2200301 a 4500
003 AR-BaBNM
005 20251128210412.0
008 210020s1998 ||||||||||||||000 | spa||
020 _a950-808-182-1
040 _cAR-BaBNM
100 1 _aGiacobbe, Mirta S.
245 1 0 _aLa geografía científica en el aula
_b3er ciclo de EGB y polimodal
260 _aRosario
_bHomo Sapiens Ediciones
_c1998
300 _a278 p.
_btablas
490 0 _aEducación
504 _aContiene bibliografía p. 263-278
650 4 _aENSENANZA DE LAS CIENCIAS SOCIALES
650 4 _aENSENANZA DE LA GEOGRAFIA
653 _aTERCER CICLO DE LA EGB
653 _aEDUCACION POLIMODAL
653 _aCONTENIDOS PROCEDIMENTALES
653 _aCONTENIDOS BASICOS COMUNES
653 _aDISENO CURRICULAR
653 _aUNIDADES DIDACTICAS
653 _aPROFESIONALIZACION DOCENTE
942 _cBK
998 _cRaquel
999 _c15329
_d15329